000 00599nam a2200205Ia 4500
005 20260429111905.0
008 260429s9999||||xx |||||||||||||| ||und||
020 _a9781588292360
041 _aEnglish
082 _a572.877
_bWAL
100 _aWaldman, Alan S.
245 0 _aGenetic recombination :
_breviews and protocols /
_cAlan S. Waldman
260 _aUnited States :
_bHumana press,
_c2004.
300 _ax, 260 p.; hb
440 _aMethods in molecular biology; v.262
650 _a Biochemical genetics
650 _a Genetic recombination
650 _aBiochemistry
942 _cTB
999 _c51299
_d51299